| 000 | 01291cam a2200433L 4500 | ||
|---|---|---|---|
| 001 | 8362 | ||
| 005 | 20230410121031.0 | ||
| 008 | 060907s1992 nyu 000 u eng d | ||
| 035 | _a(OCoLC)ocn466027427 | ||
| 040 |
_aDKDLA _bdan _cDKDLA |
||
| 020 | _a1558211713 | ||
| 020 | _a9781558211711 | ||
| 020 | _a1558211691 | ||
| 020 | _a9781558211698 | ||
| 029 | 0 |
_aDKDLA _b21050520 |
|
| 029 | 1 |
_aDKDLA _b27310769 |
|
| 029 | 1 |
_aDKDLA _b23801361 |
|
| 029 | 1 |
_aDKDLA _b27014515 |
|
| 029 | 1 |
_aDKDLA _b31462407 |
|
| 029 | 1 |
_aDKDLA _b11079277 |
|
| 029 | 1 |
_aDKDLA _b17751257 |
|
| 029 | 1 |
_aDKDLA _b4384599 |
|
| 029 | 1 |
_aDKDLA _b27920985 |
|
| 029 | 1 |
_aDKDLA _b23029969 |
|
| 035 | _a(OCoLC)466027427 | ||
| 050 | 1 | 4 |
_aJK526 _bES79t 1992 |
| 050 | 1 | 4 | _aJK 526 C548 1992 |
| 082 | 4 |
_a324.9730928 _220 |
|
| 100 | _aEstellino Ana Isabel | ||
| 245 | 0 | 0 |
_aChoosing the president, 1992 / _cThe League of Women Voters of California Education Fund. |
| 260 |
_aNew York, NY : _bLyons & Burford, _cc1992. |
||
| 300 |
_avi, 138 s. : _bill. |
||
| 504 | _aIncludes bibliographical references (p. ) and index. | ||
| 650 | 4 |
_aPresidents _zUnited States _xElection _y1992. |
|
| 710 | 2 |
_aLeague of Women Voters of California. _bEducation Fund. |
|
| 942 |
_2lcc _cbk |
||
| 994 |
_aC0 _bDRFGD |
||
| 946 | _arg | ||
| 999 |
_c56629 _d56629 |
||